| 000 | 00477nam a22001817a 4500 | ||
|---|---|---|---|
| 005 | 20230110111343.0 | ||
| 008 | 221216b |||||||| |||| 00| 0 eng d | ||
| 020 | _a978-93--88902-71-1 | ||
| 041 | _aeng | ||
| 082 | _a612 CHA-H | ||
| 100 |
_aCHATTERJEE'S ,CC _97359 |
||
| 245 | _aHUMAN PHYSIOLOGY -VOL-1 | ||
| 250 | _a13th ed. | ||
| 260 |
_aNEW DELHI _bCBS PUBLISHERS & DISTRIBUTORS _c2020 |
||
| 300 | _a588;P. -I 10 | ||
| 650 |
_aPHARMACY _xD.PHARMA _97090 |
||
| 942 | _cBK | ||
| 999 |
_c8064 _d8062 |
||